FAO Fisheries technical and paper

Tallennettuna:
Bibliografiset tiedot
Päätekijä: Béné, C.
Yhteisötekijä: FAO
Aineistotyyppi: Kirja
Kieli:Undetermined
Julkaistu: Rome, Italy FAO 2007
Aiheet:
Tagit: Lisää tagi
Ei tageja, Lisää ensimmäinen tagi!
Thư viện lưu trữ: Trung tâm Học liệu Trường Đại học Cần Thơ
LEADER 00548nam a2200193Ia 4500
001 CTU_130256
008 210402s9999 xx 000 0 und d
082 |a 639 
082 |b F686/No.481 
100 |a Béné, C. 
110 |a FAO 
245 0 |a FAO Fisheries technical and paper 
245 0 |c C. Béné, G. Macfadyen and E. H. Allison; FAO 
260 |a Rome, Italy 
260 |b FAO 
260 |c 2007 
650 |a Fisheries processing.,Seafood.,Food security 
904 |i Minh 
980 |a Trung tâm Học liệu Trường Đại học Cần Thơ